[Event "COL-ch U1700"]
[Site "Pereira"]
[Date "2022.02.20"]
[Round "9"]
[White "Rojas Mendoza, Joun Sun"]
[Black "Ramirez, Cristian Camilo"]
[Result "0-1"]
[WhiteElo "1665"]
[BlackElo "1780"]
[PlyCount "116"]
[EventDate "2022.02.16"]
[EventType "swiss"]
[EventRounds "9"]
[EventCountry "COL"]
[SourceTitle "CBM 207 Extra"]
[Source "ChessBase"]
[SourceDate "2022.05.31"]
[SourceVersion "1"]
[SourceVersionDate "2022.05.31"]
[SourceQuality "1"]

1. d4 Nf6 2. Bf4 d5 3. e3 c5 4. c3 Nc6 5. Nd2 g6 6. Be2 cxd4 7. exd4 Bg7 8. h4 h5 9. Ngf3 0-0 10. 0-0 Bg4 11. Ne5 Bxe2 12. Qxe2 Qb6 13. Rab1 Rfe8 14. Rfe1 Rac8 15. Qd3 Nxe5 16. Bxe5 Nd7 17. Bxg7 Kxg7 18. Nf3 f6 19. Re2 e6 20. Rbe1 Re7 21. b3 Qc6 22. Re3 b5 23. Qe2 Nf8 24. Nd2 Qb6 25. g4 b4 26. c4 Qxd4 27. gxh5 Qxh4 28. hxg6 Nxg6 29. Rxe6 Rf7 30. Re3 Rh8 31. Qf3 Rh5 32. Kf1 Nf4 33. Qg3+ Kh6 34. Qxh4 Rxh4 35. Rg3 d4 36. Nf3 Rh1+ 37. Ng1 d3 38. Rg4 Rg7 39. Rxg7 Kxg7 40. f3 Ne2 41. Kf2 Rxg1 42. Rxg1+ Nxg1 43. Ke3 d2 44. Kxd2 Nxf3+ 45. Kd3 Ne5+ 46. Kd4 Nc6+ 47. Kc5 f5 48. Kxc6 f4 49. Kb7 f3 50. c5 f2 51. c6 f1Q 52. c7 Qf7 53. Kb8 Qf4 54. Kb7 Qe4+ 55. Kb8 Qe5 56. Kb7 Qb5+ 57. Ka8 Qc6+ 58. Kb8 Qb6+ 0-1

[Event "Manizales Las Americas op-C"]
[Site "Manizales"]
[Date "2021.10.18"]
[Round "8"]
[White "Herrera Nopan, Fabian"]
[Black "Rojas Mendoza, Joun Sun"]
[Result "1-0"]
[WhiteElo "1612"]
[BlackElo "1664"]
[PlyCount "65"]
[EventDate "2021.10.14"]
[EventType "swiss"]
[EventRounds "9"]
[EventCountry "COL"]
[SourceTitle "EXT 2023"]
[Source "ChessBase"]
[SourceDate "2022.10.05"]
[SourceVersion "1"]
[SourceVersionDate "2022.10.05"]
[SourceQuality "1"]

1. e4 e6 2. d4 d5 3. e5 c5 4. c3 Qb6 5. Nf3 Nc6 6. Be2 cxd4 7. cxd4 Bb4+ 8. Nc3 f6 9. exf6 gxf6 10. 0-0 Nge7 11. Bf4 Ng6 12. Bg3 a6 13. a3 Bf8 14. Re1 Bg7 15. Nxd5 exd5 16. Bc4+ Kd8 17. Bxd5 Bd7 18. Rc1 Rc8 19. b4 Nge7 20. Ba2 Nf5 21. d5 Ncd4 22. Rxc8+ Bxc8 23. Nxd4 Qxd4 24. Qc2 Nxg3 25. hxg3 Bd7 26. Rd1 Qb6 27. d6 Qc6 28. Qb3 Re8 29. Qf7 Qc2 30. Rb1 Qg6 31. Qd5 Bc6 32. Qa5+ Kd7 33. Qc7# 1-0

[Event "Manizales Las Americas op-C"]
[Site "Manizales"]
[Date "2021.10.16"]
[Round "4"]
[White "Rojas Mendoza, Joun Sun"]
[Black "Munoz, Edgar Alex"]
[Result "0-1"]
[WhiteElo "1664"]
[BlackElo "1638"]
[PlyCount "38"]
[EventDate "2021.10.14"]
[EventType "swiss"]
[EventRounds "9"]
[EventCountry "COL"]
[SourceTitle "EXT 2023"]
[Source "ChessBase"]
[SourceDate "2022.10.05"]
[SourceVersion "1"]
[SourceVersionDate "2022.10.05"]
[SourceQuality "1"]

1. d4 f5 2. Bf4 Nf6 3. e3 e6 4. Bd3 Be7 5. Nd2 0-0 6. Ngf3 d6 7. h3 Qe8 8. 0-0 Nbd7 9. c4 Bd8 10. Bh2 Qh5 11. Be2 Kh8 12. Bf4 h6 13. b4 Rg8 14. a4 g5 15. Nxg5 Qg6 16. h4 e5 17. h5 Qg7 18. Nf7+ Qxf7 19. Bxh6 Qh7 0-1

[Event "Pan American-ch Amateur U1700"]
[Site "San Jose"]
[Date "2019.10.23"]
[Round "2.7"]
[White "Wong Velis, Alejandro Jesus"]
[Black "Rojas Mendoza, Joun Sun"]
[Result "1/2-1/2"]
[WhiteElo "1263"]
[BlackElo "1647"]
[PlyCount "52"]
[EventDate "2019.10.23"]
[EventType "swiss"]
[EventRounds "9"]
[EventCountry "CRI"]
[SourceTitle "EXT 2024"]
[Source "ChessBase"]
[SourceDate "2023.10.10"]
[SourceVersion "1"]
[SourceVersionDate "2023.10.10"]
[SourceQuality "1"]

1. e4 e6 2. d3 c5 3. Nd2 g6 4. Ngf3 Bg7 5. g3 Nc6 6. Bg2 Nge7 7. 0-0 d6 8. c3 0-0 9. Re1 a5 10. a4 Qc7 11. h4 Bd7 12. Nf1 e5 13. N1h2 Qc8 14. Be3 Rb8 15. Qd2 b5 16. Bh6 bxa4 17. Bxg7 Kxg7 18. Rxa4 Nd4 19. Ra3 Nb3 20. Qd1 a4 21. Nd2 Nxd2 22. Qxd2 Qb7 23. Rb1 Qc8 24. f3 h5 25. f4 Rb6 26. f5 Qb7 1/2-1/2

[Event "COL-chD"]
[Site "Bogota"]
[Date "2019.08.28"]
[Round "1"]
[White "Rojas Mendoza, Joun Sun"]
[Black "Cotes Ontibon, Anibal Santiago"]
[Result "1-0"]
[WhiteElo "1685"]
[BlackElo "1327"]
[PlyCount "87"]
[EventDate "2019.08.28"]
[EventType "swiss"]
[EventRounds "7"]
[EventCountry "COL"]
[SourceTitle "EXT 2020"]
[Source "ChessBase"]
[SourceDate "2019.10.17"]
[SourceVersion "1"]
[SourceVersionDate "2019.10.17"]
[SourceQuality "1"]

1. d4 d5 2. Bf4 Nf6 3. e3 c5 4. c3 Nc6 5. Nd2 a6 6. Bd3 Qb6 7. Qb3 Qxb3 8. axb3 e6 9. Ngf3 Be7 10. dxc5 Bxc5 11. b4 Ba7 12. b5 axb5 13. Bxb5 0-0 14. Bxc6 bxc6 15. Bd6 Re8 16. Bc5 Ba6 17. Rxa6 Bxc5 18. Rxa8 Rxa8 19. 0-0 Nd7 20. Nb3 Rb8 21. Nxc5 Nxc5 22. Ra1 h6 23. b4 Ne4 24. Ne5 Nxc3 25. Nxc6 Rb6 26. Ra8+ Kh7 27. Rc8 Na2 28. Kf1 Nxb4 29. Ne5 Rb7 30. h4 f6 31. Nf3 Na6 32. Rc6 Nc7 33. h5 e5 34. Rd6 Rb1+ 35. Ke2 Nb5 36. Rd8 Rb2+ 37. Ke1 Nc3 38. Nh4 Re2+ 39. Kf1 Rd2 40. g4 g5 41. hxg6+ Kg7 42. Rd7+ Kg8 43. Nf5 Rd1+ 44. Kg2 1-0

[Event "Uni De Paula Santander op 4th"]
[Site "Ocana"]
[Date "2019.08.23"]
[Round "2"]
[White "Rojas Mendoza, Joun Sun"]
[Black "Palencia Morales, Wilson Guillermo"]
[Result "0-1"]
[WhiteElo "1685"]
[BlackElo "2293"]
[PlyCount "34"]
[EventDate "2019.08.23"]
[EventType "swiss"]
[EventRounds "7"]
[EventCountry "COL"]
[SourceTitle "EXT 2020"]
[Source "ChessBase"]
[SourceDate "2019.10.17"]
[SourceVersion "1"]
[SourceVersionDate "2019.10.17"]
[SourceQuality "1"]

1. d4 d5 2. Nf3 Nf6 3. Bf4 c5 4. c3 Nc6 5. e3 cxd4 6. exd4 Bf5 7. Qb3 Qc8 8. Be2 e6 9. Ne5 Bd6 10. Nd2 Bxe5 11. dxe5 Nd7 12. Bb5 0-0 13. Nf3 a6 14. Bxc6 Nc5 15. Qa3 Nd3+ 16. Kd2 Nxf4 17. Ba4 Qc4 0-1

[Event "COL pre olympic sf3"]
[Site "Dosquebradas"]
[Date "2018.05.31"]
[Round "3"]
[White "Lopez Ramirez, Jorge Hernan"]
[Black "Rojas Mendoza, Joun Sun"]
[Result "1-0"]
[WhiteElo "1973"]
[BlackElo "1587"]
[PlyCount "52"]
[EventDate "2018.05.30"]
[EventType "swiss"]
[EventRounds "10"]
[EventCountry "COL"]
[SourceTitle "CBM 184 Extra"]
[Source "ChessBase"]
[SourceDate "2018.06.28"]
[SourceVersion "1"]
[SourceVersionDate "2018.06.28"]
[SourceQuality "1"]

1. e4 e5 2. Bc4 f5 3. d3 Nf6 4. Nf3 Nc6 5. 0-0 d6 6. Ng5 Qe7 7. Bf7+ Kd8 8. Bb3 Ke8 9. f4 fxe4 10. dxe4 h6 11. Nf3 exf4 12. Bxf4 Bg4 13. h3 Bxf3 14. Rxf3 g5 15. Bg3 Bg7 16. Nc3 Rf8 17. Rf5 Rd8 18. Qd3 a6 19. Raf1 Rd7 20. Bd5 Nb4 21. Qf3 Nbxd5 22. exd5 Kf7 23. h4 Kg6 24. hxg5 hxg5 25. Rxg5+ Kh7 26. Bh4 Qe8 1-0

[Event "Uni De Paula Santander op 2nd"]
[Site "Ocana"]
[Date "2016.09.23"]
[Round "1"]
[White "Rojas Mendoza, Joun Sun"]
[Black "Acosta Cruz, Luis Ivan"]
[Result "0-1"]
[WhiteElo "1556"]
[BlackElo "1811"]
[PlyCount "64"]
[EventDate "2016.09.23"]
[EventType "swiss"]
[EventRounds "7"]
[EventCountry "COL"]
[SourceTitle "EXT 2018"]
[Source "ChessBase"]
[SourceDate "2017.10.13"]
[SourceVersion "1"]
[SourceVersionDate "2017.10.13"]
[SourceQuality "1"]

1. d4 Nf6 2. e3 g6 3. b3 Bg7 4. Bd3 0-0 5. f4 d5 6. Nf3 c5 7. c3 Bg4 8. 0-0 Qc7 9. Nbd2 cxd4 10. cxd4 Qc3 11. Qc2 Qxa1 12. Ba3 Qxf1+ 13. Kxf1 Rc8 14. Qb1 Nc6 15. h3 Bxf3 16. Nxf3 e6 17. Ne5 Bf8 18. Bb2 Nb4 19. g4 Nxd3 20. Nxd3 Ne4 21. Qe1 Rc2 22. Qd1 Rd2 23. Qb1 b6 24. Ne1 Rc8 25. Qa1 Rf2+ 26. Kg1 Re2 27. h4 Bb4 28. Nd3 Rcc2 29. Qf1 Rxb2 30. Nxb4 Ng3 31. Qc1 Rh2 32. a4 Rh1# 0-1

[Event "Ocana op 1st"]
[Site "Ocana"]
[Date "2015.09.26"]
[Round "4"]
[White "Chacon Mejia, Gabriel Alejandro"]
[Black "Rojas Mendoza, Joun Sun"]
[Result "1-0"]
[WhiteElo "1717"]
[BlackElo "1600"]
[PlyCount "62"]
[EventDate "2015.09.25"]
[EventType "swiss"]
[EventRounds "7"]
[EventCountry "COL"]
[SourceTitle "EXT 2016"]
[Source "ChessBase"]
[SourceDate "2015.10.08"]
[SourceVersion "1"]
[SourceVersionDate "2015.10.08"]
[SourceQuality "1"]

1. e4 e5 2. d4 exd4 3. Bc4 Nc6 4. Nf3 Na5 5. Bxf7+ Kxf7 6. Ne5+ Ke6 7. Qg4+ Ke7 8. Qg5+ Nf6 9. Nd3 Nc6 10. e5 h6 11. exf6+ gxf6 12. Qd5 d6 13. Nf4 Qe8 14. 0-0 Qf7 15. Re1+ Ne5 16. Qe4 Rg8 17. Kh1 Kd7 18. Qxd4 b6 19. Qe4 Rb8 20. Qa4+ Nc6 21. Nc3 a6 22. Qe4 Ne5 23. Ncd5 Bb7 24. Qf5+ Ke8 25. Nxf6+ Kd8 26. f3 Bc8 27. Qh7 Rg7 28. Qe4 Qxf6 29. Nh5 Qg6 30. Nxg7 Qxe4 31. Rxe4 Bxg7 1-0